| 000 | 01238cam a2200361 i 4500 | ||
|---|---|---|---|
| 651 | 0 |
_922059 _aArab countries _xPolitics and government |
|
| 651 | 0 |
_932695 _aMiddle East _xSocial conditions |
|
| 651 | 7 |
_9119986 _aOrta Doğu _xSosyal durum _2etuturkob |
|
| 651 | 7 |
_925071 _aOrta Doğu _xSiyaset ve yönetim _2etuturkob |
|
| 651 | 0 |
_aMiddle East _xPolitics and government _925073 |
|
| 999 |
_c200429666 _d47590 |
||
| 001 | 200429666 | ||
| 003 | TR-AnTOB | ||
| 005 | 20230823134058.0 | ||
| 007 | ta | ||
| 008 | 180507s2017 tu tur d | ||
| 020 | _a9789752459274 | ||
| 040 |
_aTR-IsYBT _beng _erda _cTR-IsYBT _dTR-AnTOB |
||
| 041 | 0 | _atur | |
| 050 | 0 | 0 |
_aDS62.8 _b.O78 2017 |
| 090 |
_aDS62.8 _b.O78 2017 |
||
| 245 | 0 | 0 |
_aOrtadoğu’da ordu ve siyaset / _ceditör Veysel Kurt. |
| 250 |
_a1. Baskı _bEylül 2017, İstanbul |
||
| 264 | 1 |
_aAnkara : _bSETA Kitapları, _c2017. |
|
| 300 |
_a242 pages ; _c24 cm. |
||
| 336 |
_atext _2rdacontent |
||
| 337 |
_aunmediated _2rdamedia |
||
| 338 |
_avolume _2rdacarrier |
||
| 490 | 0 |
_aSETA Kitapları ; _v24 _aStrateji Araştırmaları serisi ; _v3 |
|
| 651 | 7 |
_aArap ülkeleri _xSiyaset ve yönetim _2etuturkob _9119810 |
|
| 700 | 1 |
_aKurt, Veysel _eeditor _9119985 |
|
| 942 |
_2lcc _cBK |
||